<?xml version="1.0" encoding="UTF-8"?><?xml-stylesheet type="text/xsl" href="static/style.xsl"?><OAI-PMH xmlns="http://www.openarchives.org/OAI/2.0/" xmlns:xsi="http://www.w3.org/2001/XMLSchema-instance" xsi:schemaLocation="http://www.openarchives.org/OAI/2.0/ http://www.openarchives.org/OAI/2.0/OAI-PMH.xsd"><responseDate>2026-04-17T21:19:46Z</responseDate><request verb="GetRecord" identifier="oai:www.recercat.cat:2117/446341" metadataPrefix="marc">https://recercat.cat/oai/request</request><GetRecord><record><header><identifier>oai:recercat.cat:2117/446341</identifier><datestamp>2026-02-07T08:50:03Z</datestamp><setSpec>com_2072_1033</setSpec><setSpec>col_2072_452950</setSpec></header><metadata><record xmlns="http://www.loc.gov/MARC21/slim" xmlns:dcterms="http://purl.org/dc/terms/" xmlns:xsi="http://www.w3.org/2001/XMLSchema-instance" xmlns:doc="http://www.lyncode.com/xoai" xsi:schemaLocation="http://www.loc.gov/MARC21/slim http://www.loc.gov/standards/marcxml/schema/MARC21slim.xsd">
   <leader>00925njm 22002777a 4500</leader>
   <datafield ind2=" " ind1=" " tag="042">
      <subfield code="a">dc</subfield>
   </datafield>
   <datafield ind2=" " ind1=" " tag="720">
      <subfield code="a">Useche Arteaga, Mario Alejandro</subfield>
      <subfield code="e">author</subfield>
   </datafield>
   <datafield ind2=" " ind1=" " tag="720">
      <subfield code="a">Gomis-Bellmunt, Oriol</subfield>
      <subfield code="e">author</subfield>
   </datafield>
   <datafield ind2=" " ind1=" " tag="720">
      <subfield code="a">Cheah-Mañé, Marc</subfield>
      <subfield code="e">author</subfield>
   </datafield>
   <datafield ind2=" " ind1=" " tag="720">
      <subfield code="a">Albernaz Lacerda Freitas, Vinícius</subfield>
      <subfield code="e">author</subfield>
   </datafield>
   <datafield ind2=" " ind1=" " tag="720">
      <subfield code="a">Gebraad, Pieter Marinus Otto</subfield>
      <subfield code="e">author</subfield>
   </datafield>
   <datafield ind2=" " ind1=" " tag="260">
      <subfield code="c">2025-04-08</subfield>
   </datafield>
   <datafield ind2=" " ind1=" " tag="520">
      <subfield code="a">Offshore wind power generation offers immense potential, but its integration into onshore grids faces significant challenges, particularly in the transmission of high-power capacities over long distances. While AC transmission has traditionally been employed, it incurs high reactive power demands, increased losses, and voltage deviations, necessitating costly reactor systems. High Voltage Direct Current (HVDC) transmission has emerged as a cost-effective alternative for long-distance energy transfer because HVDC systems do not require reactive power compensation, thereby reducing power losses and voltage deviations. On the other hand, the concept of energy islands is gaining traction, particularly in Europe, as a powerful approach to integrating offshore wind power and regional power systems. However, the general concept of energy islands combine HVAC systems, HVDC systems, energy storage, and hydrogen production, requiring sophisticated operation strategies to manage the complex nonlinearities of the power flow equations and time-dependence of BESS and hydrogen systems. This paper introduces a nonlinear programming approach for the optimal operation of energy islands. The proposed strategy optimally manages Battery Energy Storage Systems and hydrogen production by leveraging wind power forecasts and addressing system nonlinearity. It incorporates security constraints to ensure reliable operation while mitigating power curtailments. The approach is validated using a realistic energy island test system, with the mathematical programming model implemented in Pyomo/Python.</subfield>
   </datafield>
   <datafield ind2=" " ind1=" " tag="520">
      <subfield code="a">This work has received funding from the ADOreD project of the European Union’s Horizon Europe Research and Innovation program under the Marie Skłodowska-Curie grant agreement No 101073554.</subfield>
   </datafield>
   <datafield ind2=" " ind1=" " tag="520">
      <subfield code="a">Peer Reviewed</subfield>
   </datafield>
   <datafield ind2=" " ind1=" " tag="520">
      <subfield code="a">Postprint (author's final draft)</subfield>
   </datafield>
   <datafield tag="653" ind2=" " ind1=" ">
      <subfield code="a">Àrees temàtiques de la UPC::Enginyeria elèctrica</subfield>
   </datafield>
   <datafield tag="653" ind2=" " ind1=" ">
      <subfield code="a">AC/DC power systems</subfield>
   </datafield>
   <datafield tag="653" ind2=" " ind1=" ">
      <subfield code="a">Energy islands</subfield>
   </datafield>
   <datafield tag="653" ind2=" " ind1=" ">
      <subfield code="a">Energy storage</subfield>
   </datafield>
   <datafield tag="653" ind2=" " ind1=" ">
      <subfield code="a">Green hydrogen</subfield>
   </datafield>
   <datafield tag="653" ind2=" " ind1=" ">
      <subfield code="a">Offshore wind energy</subfield>
   </datafield>
   <datafield ind2="0" ind1="0" tag="245">
      <subfield code="a">Optimal operation of hybrid AC/DC energy islands considering energy storage and green hydrogen production via predictive nonlinear programming</subfield>
   </datafield>
</record></metadata></record></GetRecord></OAI-PMH>